Größte Küstenstädte USA - Statistiken

Allgemein
  • Dieses Quiz wurde 47 mal gespielt
  • Das Durchschnittsergebnis liegt bei 11 aus 20
Antwortstatistiken
Einwohner Antwort % Korrekt
8.804.000 New York City
100%
3.899.000 Los Angeles
95%
676.000 Boston
93%
874.000 San Francisco
93%
442.000 Miami
91%
737.000 Seattle
89%
1.387.000 San Diego
86%
2.305.000 Houston
70%
384.000 New Orleans
64%
384.000 Tampa
52%
950.000 Jacksonville
48%
1.013.000 San José
48%
586.000 Baltimore
34%
459.000 Virginia Beach
32%
467.000 Long Beach
23%
318.000 Corpus Christi
20%
441.000 Oakland
20%
291.000 Anchorage
16%
351.000 Honolulu
9%
275.000 Chula Vista
7%
Keine übereinstimmenden Quizze gefunden
Verteilung der Resultate
Anzahl Personen mit jedem Resultat
Perzentil nach korrekt beantworteten Fragen
Ihre Resultats-Entwicklung
Sie haben dieses Quiz noch nicht gespielt